Byzantine court culture from 829 to 1204

Αποθηκεύτηκε σε:
Λεπτομέρειες βιβλιογραφικής εγγραφής
Άλλοι συγγραφείς: Maguire, Henry 1943- (Επιμελητής έκδοσης)
Μορφή: Βιβλίο
Γλώσσα:English
Δημοσίευση: Washington, D.C. : Dumbarton Oaks Research Library and Collection, 2004, 1997
Θέματα:
Ετικέτες: Προσθήκη ετικέτας
Δεν υπάρχουν, Καταχωρήστε ετικέτα πρώτοι!

MARC

LEADER 00000nam a2200000 i 4500
001 1/78395
008 080321r20041997 eng d
020 |a 0-88402-308-7 
035 |l 10095722 
040 |a GR-MY-UA  |b gre  |e aacr 
041 0 |a eng 
082 0 |a 938.308  |2 (22) 
245 1 0 |a Byzantine court culture from 829 to 1204 /  |c edited by Henry Maguire 
260 |a Washington, D.C. :   |b Dumbarton Oaks Research Library and Collection,   |c 2004, 1997 
300 |a x, 264 σ., [103] σ. πινάκων;  |b εικ.;  |c 26 εκ. 
500 |a Εργασίες από συμπόσιο που πραγματοποιήθηκε τον Απρίλιο του 1994 
500 |a Pbk. ed. 
500 |a Αποκλειστικός αντιπρόσωπος Harvard University Press 
504 |a Περιέχει βιβλιογραφικές παραπομπές και ευρετήριο 
650 0 0 |a Civilization, Medieval  |x Congresses. 
651 0 |a Byzantine Empire  |x Civilization  |v Congresses. 
651 0 |a Byzantine Empire  |x Court and countries  |x Congresses. 
651 0 |a Byzantine Empire  |x Foreign relations  |x Congresses. 
700 1 |a Maguire, Henry  |d 1943-  |4 edt 
852 |a INST  |b LESVOS  |e 20080321  |h 938.308 BYZ  |p 005100039420  |q 005100039420  |t BK  |y 0 
901 |a BIBL1-2008-1 
909 |a Λ  |b 143086 
922 |a 1ΕΛΗ  |b 200712  |c ΕΠΕΑΕΚ2/ΤΚΑ  |d ΠΑΠΑΣΩΤΗΡΙΟΥ 
970 |a ΚΑΡΑ  |b ΓΙΑΣΕΜΗ  |z 2008/03/21